000
00226nam a22000857a 4500
008
161013b xxu||||| |||| 00| 0 eng d
100
_9
834
_a
Kishore.N.
245
_a
How to Play Kho Kho
260
_a
New Delhi
_b
Prema Publications
_c
2012
999
_c
3486
_d
3486